000 00491nam a2200193Ia 4500
003 GCL
008 140319s9999 xx 000 0 eng d
040 _aGCL /
_cGCL
082 0 4 _a005.3
_bD U
100 1 _aDWIGHT, JEFFRY
245 1 0 _aUSING CGI: THE MOST COMPLETE REFERENCE /
_cDWIGHT, JEFFRY
700 1 _aERWIN, MICHAEL
260 _a[S.N] :
_bQUE ،
_c1996
300 _a828 P
650 0 4 _aشعر الحرب
650 0 4 _aCOMPUTER LANGUAGE
650 0 4 _aC G I
942 _2ddc
_cBK
999 _c13699
_d13699